000 00568cab a2200229 4500
001 X1672
008 090401t1994 xxu||||| |||| 00| 0 eng d
035 _a(Sirsi) u18586
041 _aeng
100 _aFowler, R.A.
245 _aCanada - globalisation and cheap data
260 _c1994
350 _a0
490 _aSurveying World
_v2(6) September 1994, 13-16(3)
650 _aCANADA
650 _aDIGITAL MAPPING
650 _aHYDROGRAPHIC SURVEYING
650 _aMAPPING
690 _aOVERSEAS-REST OF THE WORLD
942 _n0
948 _c04/03/1997
999 _c12367
_d12367